| 000 | 01760cam a2200421 a 4500 | ||
|---|---|---|---|
| 001 | 12478070 | ||
| 003 | OSt | ||
| 005 | 20140310182018.0 | ||
| 008 | 010720s2002 wiua c 000 1 eng | ||
| 010 | _a 2001036812 | ||
| 020 | _a1584854251 | ||
| 020 | _a1584854251 | ||
| 040 |
_aDLC _cDLC _dDLC |
||
| 042 | _alcac | ||
| 050 | 0 | 0 |
_aPZ 7 _b.Sh53423 2002 |
| 082 |
_aKF _bSh2k 2002 |
||
| 100 | 1 |
_aShaw, Janet Beeler, _d1937- _96795 |
|
| 245 | 1 | 0 |
_aKaya's escape : _ba survival story / _cJanet Shaw ; illustrations, Bill Farnsworth ; vignettes, Susan McAliley. |
| 260 |
_aMiddleton, WI : _bPleasant Company, _c2002. |
||
| 300 |
_a72 p. ; _bcol. ill. ; _c22 cm. |
||
| 440 | 4 |
_aThe American girls collection _96796 |
|
| 500 | _aAt head of title: 1764. | ||
| 500 | _a"Book 2" | ||
| 520 | _aIn the fall of 1764, after Kaya and her sister are kidnapped from their Nez Percé village by enemy horse raiders, she tries to find a way to escape back home. Includes historical notes on education and learning among the Nez Percé Indians. | ||
| 541 | _j1 | ||
| 562 | _efor circulation. 1 copy available in the collection | ||
| 650 | 1 |
_aKidnapping _vFiction. _96797 |
|
| 650 | 1 |
_aEscapes _vFiction. _96798 |
|
| 650 | 1 |
_aSurvival _vFiction. _96799 |
|
| 650 | 1 |
_aNez Percé Indians _vFiction. _96800 |
|
| 650 | 1 |
_aIndians of North America _zNorthwest, Pacific _vFiction. _96801 |
|
| 651 | 1 |
_aNorthwest, Pacific _vFiction. _96802 |
|
| 700 | 1 |
_aFarnsworth, Bill, _eill. _96803 |
|
| 700 | 1 |
_aMcAliley, Susan, _eill. _96804 |
|
| 906 |
_a7 _bcbc _corignew _d1 _eocip _f20 _gy-gencatlg |
||
| 942 |
_2lcc _cBK-KF _kKF |
||
| 999 |
_c8286 _d8286 |
||